[Event "AUTO-ADV-2096"]
[Site "http://www.queenalice.com/game.php?id=911491"]
[Date "2011.3.11"]
[Round "1"]
[White "DORLISS"]
[Black "PeterLiberty"]
[Result "1-0"]
[WhiteElo "1949"]
[BlackElo "1678"]

1. e4 c5 2. Nf3 d6 3. d4 cxd4 4. Nxd4 Nf6 5. Nc3 g6 6. Bc4 Bg7 7. Be3 O-O 8. Qd2
Nc6 9. O-O-O Ng4 10. h3 Nxe3 11. Qxe3 e6 12. g4 d5 13. exd5 exd5 14. Bb3 Re8 15.
Qd3 Be6 16. Nxe6 fxe6 17. h4 Ne5 18. Qg3 Rc8 19. f4 Nc4 20. g5 b5 21. h5 a6 22.
hxg6 hxg6 23. Qh4 Kf7 24. Qg4 Rh8 25. Ne4 Ne3 26. Rxh8 Qxh8 27. Nd6+ Ke7 28.
Nxc8+ Qxc8 29. Qe2 Nxd1 30. Qxd1 Qb8 31. Qf3 Qf8 32. Qe3 Qb8 33. Bxd5 Qd6 34.
Qa7+ Kf8 35. Qa8+ Kf7 36. Qb7+ Qe7 37. Qxe7+ Kxe7 38. Be4 Kf7 39. c3 Ke7 40. Kd2
Kd6 41. Kc2 e5 42. fxe5+ Bxe5 43. Bxg6 Kc5 44. Bf7 a5 45. g6 b4 46. cxb4+ axb4
47. a3 bxa3 48. bxa3 Kb6 49. Kb3 Ka5 50. a4 Bg7 51. Be8 Bh8 52. Kc4 Bg7 53. Kd5
Kb6 54. Ke6 Ba1 55. Kf7 Ka5 56. g7 Bxg7 57. Kxg7 Kb4 58. Kf6 Ka5 59. Ke6 Kb6 60.
Kd6 Ka5 61. Kc5 Ka6 62. Kb4 Kb6 63. a5+ Ka6 64. Bc6 Ka7 65. Kb5 Kb8 66. Kb6 Kc8
67. a6 Kb8 68. a7+ 1-0

[Event "AUTO-OPEN-2293"]
[Site "http://www.queenalice.com/game.php?id=911615"]
[Date "2011.3.11"]
[Round "1"]
[White "ijro"]
[Black "PeterLiberty"]
[Result "0-1"]
[WhiteElo "1155"]
[BlackElo "1699"]

1. e3 d5 2. d4 Nf6 3. Bb5+ c6 4. Bd3 e6 5. c4 Bb4+ 6. Ke2 Ba5 7. Kf1 O-O 8. Qf3
Nbd7 9. Nh3 e5 10. Nc3 e4 11. Bxe4 Bxc3 12. Ng5 Bb4 13. Qh3 g6 14. Bf3 h5 15.
cxd5 Nxd5 16. Be4 N7f6 17. Qf3 Bg4 18. Qg3 Nxe4 19. Qe5 Re8 20. Qxe4 Rxe4 21.
Nxe4 Qe7 22. Ng3 Re8 23. a3 Bd6 24. a4 Bxg3 25. hxg3 Nb4 26. Ra3 Nc2 27. Rc3
Nxd4 28. e4 Qxe4 29. Kg1 Ne2+ 30. Kh2 Nxc3 31. b3 Bf3 32. gxf3 Qxf3 33. Rg1
Qxf2+ 34. Kh1 Re1 35. Rxe1 Qxe1+ 36. Kg2 Qxc1 37. Kf3 Qf1+ 38. Ke3 Nd5+ 39. Kd4
Qe2 40. Kc5 a5 41. Kd6 Qe6+ 42. Kc5 g5 43. b4 axb4 44. Kc4 Qe4+ 45. Kb3 Qd3+ 46.
Kb2 Qc3+ 47. Kb1 b3 48. a5 Qc2+ 49. Ka1 Qa2# 0-1

[Event "AUTO-OPEN-2293"]
[Site "http://www.queenalice.com/game.php?id=911616"]
[Date "2011.3.11"]
[Round "1"]
[White "PeterLiberty"]
[Black "ijro"]
[Result "1-0"]
[WhiteElo "1682"]
[BlackElo "1117"]

1. e4 d6 2. d4 e5 3. Nf3 f6 4. Bc4 d5 5. Bxd5 Ne7 6. Bb3 Qd6 7. O-O Nec6 8. Nc3
g5 9. Nd5 Qd7 10. Nxf6+ Kd8 11. Nxd7 Bxd7 12. Nxg5 Na6 13. Nf7+ Kc8 14. Nxh8 Nd8
15. dxe5 Nc5 16. Qf3 Bg7 17. Nf7 Nce6 18. Nxd8 Nxd8 19. Bg5 Ne6 20. Bxe6 Bxe6
21. Rfd1 Bxe5 22. Rd8# 1-0

[Event "AUTO-OPEN-2293"]
[Site "http://www.queenalice.com/game.php?id=911641"]
[Date "2011.3.11"]
[Round "1"]
[White "mikec"]
[Black "PeterLiberty"]
[Result "0-1"]
[WhiteElo "1298"]
[BlackElo "1680"]

1. Nf3 c5 2. g3 g6 3. h4 d6 4. Bh3 Bxh3 5. Rxh3 Nf6 6. e3 Bg7 7. Ng1 O-O 8. c3
Nbd7 9. d4 e6 10. f4 cxd4 11. cxd4 Ne4 12. Qd3 d5 13. Na3 Rc8 14. Nb5 Ndf6 15.
b3 Ng4 16. Nxa7 Nef2 17. Nxc8 Nxd3+ 18. Kd1 Ndf2+ 19. Kc2 Nxh3 20. Nxh3 Qxc8+
21. Kb1 Nf6 22. a4 Qc3 23. Bb2 Qxe3 24. Bc1 Qxb3+ 25. Bb2 Ne4 26. Ra3 Qd1+ 27.
Ka2 Bxd4 28. Bxd4 Qxd4 29. Ng1 Qxg1 30. Rb3 Qf2+ 31. Kb1 Nd2+ 32. Kc2 Nxb3+ 33.
Kxb3 Qxg3+ 34. Kb4 Qxf4+ 35. Kc5 Qc4+ 36. Kd6 Rd8+ 37. Ke7 Qc7+ 38. Kf6 e5 39.
Kg5 Qe7+ 40. Kg4 d4 41. Kf3 Qxh4 42. Ke2 d3+ 43. Kd2 Qf4+ 0-1

[Event "AUTO-OPEN-2293"]
[Site "http://www.queenalice.com/game.php?id=911642"]
[Date "2011.3.11"]
[Round "1"]
[White "PeterLiberty"]
[Black "mikec"]
[Result "1-0"]
[WhiteElo "1692"]
[BlackElo "1298"]

1. e4 Nc6 2. d4 b6 3. Nf3 Nf6 4. Nc3 a5 5. Bg5 h6 6. Bh4 g5 7. Bg3 d6 8. Bb5 Bb7
9. O-O Bg7 10. d5 Qd7 11. dxc6 Bxc6 12. Bxc6 Qxc6 13. Re1 g4 14. Nh4 e6 15. e5
dxe5 16. Bxe5 Rd8 17. Qe2 h5 18. Rad1 O-O 19. Rxd8 Rxd8 20. Rd1 Rd7 21. Rd2 Ne8
22. Rxd7 Qxd7 23. Qd1 Nd6 24. Bxg7 Kxg7 25. Ne4 Qa4 26. Nxd6 cxd6 27. Qxd6 Qxc2
28. Qe5+ f6 29. Qb5 e5 30. f3 f5 31. Qxe5+ Kh6 32. Nxf5+ Kg5 33. Ne3+ Kg6 34.
Nxc2 a4 35. fxg4 hxg4 36. Qe4+ Kg5 37. g3 b5 38. Ne3 Kf6 39. Nxg4+ Kg5 40. h4+
1-0

[Event "AUTO-OPEN-2293"]
[Site "http://www.queenalice.com/game.php?id=911657"]
[Date "2011.3.11"]
[Round "1"]
[White "makibaque"]
[Black "PeterLiberty"]
[Result "1-0"]
[WhiteElo "1567"]
[BlackElo "1701"]

1. e4 c5 2. Nf3 d6 3. d4 cxd4 4. Nxd4 Nf6 5. Nc3 g6 6. Bd3 Bg7 7. Be3 O-O 8. O-O
Ng4 9. Qd2 Nxe3 10. Qxe3 Nc6 11. Nxc6 bxc6 12. Rab1 Bb7 13. f4 Qb6 14. Qxb6 axb6
15. a3 Bd4+ 16. Kh1 e5 17. f5 Bxc3 18. bxc3 d5 19. Rxb6 Ra7 20. fxg6 fxg6 21.
Rfb1 Rf7 22. Kg1 Kg7 23. c4 Rd7 24. cxd5 cxd5 25. exd5 Bxd5 26. a4 e4 27. Bb5 e3
28. Bxd7 Rxd7 29. Re1 Re7 30. a5 e2 31. Kf2 Bc4 32. Rc6 Rf7+ 33. Ke3 Re7+ 34.
Kd2 Bb5 35. Rc5 Rd7+ 36. Kc1 Ba6 37. c4 Re7 38. Kd2 Bb7 39. Rxe2 Rxe2+ 40. Kxe2
Bxg2 41. a6 Be4 42. a7 Kh6 43. Rc8 Bb7 44. Rb8 Bc6 45. a8=Q Bxa8 46. Rxa8 1-0

[Event "AUTO-OPEN-2293"]
[Site "http://www.queenalice.com/game.php?id=911658"]
[Date "2011.3.11"]
[Round "1"]
[White "PeterLiberty"]
[Black "makibaque"]
[Result "0-1"]
[WhiteElo "1767"]
[BlackElo "1500"]

1. e4 e6 2. d4 d5 3. Nd2 c5 4. Ngf3 cxd4 5. exd5 Qxd5 6. Bc4 Qd6 7. O-O Nf6 8.
Nb3 a6 9. Nbxd4 Qc7 10. Qe2 Nc6 11. g3 b5 12. Bb3 Nxd4 13. Nxd4 Bc5 14. Bg5 Bxd4
15. c3 Bc5 16. Rad1 Be7 17. Bf4 Qb6 18. Rd2 Bb7 19. Rfd1 Nd5 20. Bxd5 Bxd5 21.
Be3 Qb7 22. b3 Bf3 23. Qd3 Bxd1 24. Rxd1 O-O 25. c4 Rad8 26. Qc2 Rxd1+ 27. Qxd1
Rd8 28. Qe2 bxc4 29. bxc4 Qb1+ 30. Kg2 Rd1 31. f3 h6 32. c5 Bf6 33. c6 Bd4 34.
Bxd4 Rxd4 35. c7 Qc1 36. Qe5 Rd2+ 37. Kh3 Qf1+ 38. Kg4 f5+ 39. Kf4 g5+ 0-1

[Event "AUTO-INT-1988"]
[Site "http://www.queenalice.com/game.php?id=915923"]
[Date "2011.3.22"]
[Round "1"]
[White "PeterLiberty"]
[Black "cmnetto"]
[Result "1-0"]
[WhiteElo "1710"]
[BlackElo "1513"]

1. e4 e5 2. Nf3 Nc6 3. Bb5 Nge7 4. O-O a6 5. Ba4 b5 6. Bb3 Bb7 7. Ng5 d5 8. Qf3
f6 9. Ne6 Qd6 10. exd5 Nd4 11. Nxd4 exd4 12. d3 Bxd5 13. Bxd5 Nxd5 14. Re1+ Be7
15. c3 dxc3 16. Nxc3 c6 17. Nxd5 cxd5 18. Bf4 Qd7 19. Rac1 Ra7 20. Qg3 O-O 21.
Bb8 Rb7 22. Rc7 Qd8 23. Rxb7 1-0

[Event "AUTO-INT-1988"]
[Site "http://www.queenalice.com/game.php?id=915924"]
[Date "2011.3.22"]
[Round "1"]
[White "cmnetto"]
[Black "PeterLiberty"]
[Result "0-1"]
[WhiteElo "1613"]
[BlackElo "1679"]

1. e4 c5 2. Nf3 d6 3. Bc4 Nf6 4. Nc3 e6 5. O-O Be7 6. d4 cxd4 7. Nxd4 O-O 8. Qf3
Qc7 9. Bd3 e5 10. Nf5 Nc6 11. Bg5 Bxf5 12. Qxf5 Qd8 13. Bxf6 Bxf6 14. Nd5 Nd4
15. Qh3 Bg5 16. c3 Nc6 17. f4 Bxf4 18. Nxf4 exf4 19. Rxf4 Ne5 20. Bc2 Ng6 21.
Rg4 Ne5 22. Rh4 h6 23. Rd1 Qb6+ 24. Kf1 Qb5+ 25. Bd3 Nxd3 26. Rxd3 Qxb2 27. Qg3
Qa1+ 28. Kf2 Qxa2+ 29. Ke3 Qe6 30. Rxd6 Qe7 31. Rdxh6 Qc5+ 32. Kd2 Rfd8+ 33. Kc2
f6 34. Rh8+ Kf7 35. Rxd8 Rxd8 36. Rg4 g5 37. e5 Kg6 38. exf6 Qf5+ 39. Kb2 Rd2+
40. Kb3 Qxf6 41. h4 Qe6+ 42. Rc4 Rd5 43. Kc2 Qe2+ 44. Kb3 Qd1+ 45. Kb2 Rb5+ 46.
Rb4 Rxb4+ 47. cxb4 Qd4+ 48. Kb3 Qxh4 49. Qd6+ Kh5 50. Qd7 Qg3+ 51. Ka4 Qxg2 52.
Qh7+ Kg4 53. Qd7+ Kg3 54. Qd6+ Kf2 55. Qd4+ Kg3 56. Qe5+ Kh3 57. Qh8+ Kg4 58.
Qc8+ Kf4 59. Qc7+ Ke3 60. Qc5+ Kd3 61. Qb5+ Kc2 62. Qc5+ Kb1 63. Qxa7 Qa2+ 0-1

[Event "AUTO-INT-1988"]
[Site "http://www.queenalice.com/game.php?id=915925"]
[Date "2011.3.22"]
[Round "1"]
[White "PeterLiberty"]
[Black "joskoa"]
[Result "0-1"]
[WhiteElo "1719"]
[BlackElo "1667"]

1. e4 e5 2. Nf3 Nc6 3. Bb5 Bc5 4. O-O Nge7 5. c3 O-O 6. d4 Bd6 7. dxe5 Nxe5 8.
Nxe5 Bxe5 9. Be3 c6 10. Ba4 b5 11. Bb3 d5 12. Bc5 Re8 13. Re1 Ng6 14. Nd2 Nf4
15. Nf3 Bg4 16. exd5 cxd5 17. h3 Bh5 18. Bxd5 Nxd5 19. Qd3 Bxf3 20. Rad1 Bxd1
21. Rxd1 Nf6 22. Qc2 Qc7 23. Bd4 Bxd4 24. Rxd4 Re1# 0-1

[Event "AUTO-INT-1988"]
[Site "http://www.queenalice.com/game.php?id=915926"]
[Date "2011.3.22"]
[Round "1"]
[White "joskoa"]
[Black "PeterLiberty"]
[Result "0-1"]
[WhiteElo "1645"]
[BlackElo "1673"]

1. d4 Nf6 2. e3 g6 3. Bd3 Bg7 4. Nf3 O-O 5. O-O d6 6. h3 Nbd7 7. c4 e5 8. Re1 e4
9. Bxe4 Nxe4 10. Qd3 Re8 11. Nc3 Ndf6 12. Nxe4 Bf5 13. Nxf6+ Qxf6 14. Qc3 Be4
15. Nh2 c5 16. Ng4 Qf5 17. Bd2 b6 18. Rad1 Rad8 19. f3 Bxf3 20. Rf1 cxd4 21.
exd4 Qe4 22. gxf3 Bxd4+ 23. Be3 Bxe3+ 24. Qxe3 Qxe3+ 25. Nxe3 Rxe3 26. b4 Re5
27. a4 Kf8 28. Rd4 Re6 29. Rfd1 Ke7 30. Re4 Rxe4 31. fxe4 f6 32. Kf2 Ke6 33. Ke3
Rd7 34. Rd5 h6 35. Kf3 Rc7 36. Rd4 a6 37. Ke3 b5 38. axb5 axb5 39. Kd3 bxc4+ 40.
Rxc4 Rxc4 41. Kxc4 f5 42. exf5+ gxf5 43. b5 Kd7 0-1

[Event "AUTO-INT-1988"]
[Site "http://www.queenalice.com/game.php?id=915927"]
[Date "2011.3.22"]
[Round "1"]
[White "PeterLiberty"]
[Black "Jam112"]
[Result "1-0"]
[WhiteElo "1694"]
[BlackElo "1325"]

1. e4 e5 2. Nf3 Nc6 3. Bb5 a6 4. Ba4 b5 5. Bb3 Nf6 6. O-O Nxe4 7. d3 Nf6 8. Bg5
Be7 9. Nc3 d6 10. Bd5 Bb7 11. Bxf6 Bxf6 12. Re1 O-O 13. Ne4 Ra7 14. Nxf6+ Qxf6
15. Qe2 Nb4 16. Bxb7 Rxb7 17. a3 Nd5 18. Qe4 c6 19. Re2 Rb6 20. c4 Nf4 21. Rc2
d5 22. cxd5 cxd5 23. Qxe5 Qxe5 24. Nxe5 Re6 25. d4 Rfe8 26. b4 1-0

[Event "AUTO-INT-1988"]
[Site "http://www.queenalice.com/game.php?id=915928"]
[Date "2011.3.22"]
[Round "1"]
[White "Jam112"]
[Black "PeterLiberty"]
[Result "0-1"]
[WhiteElo "1343"]
[BlackElo "1688"]

1. d4 Nf6 2. Nf3 e6 3. Bg5 h6 4. Bxf6 Qxf6 5. e3 b6 6. Be2 Bb7 7. O-O Qd8 8. Nc3
Bb4 9. Qd3 d5 10. Ne5 Nd7 11. Bh5 O-O 12. f4 Nf6 13. Nxf7 Rxf7 14. Bxf7+ Kxf7
15. a3 Bxc3 16. Qxc3 Ne4 17. Qe1 Kg8 18. f5 exf5 19. Rxf5 Qd7 20. Qf1 Qe7 21.
Rf7 Qxf7 0-1

[Event "Challenge"]
[Site "http://www.queenalice.com/game.php?id=923632"]
[Date "2011.4.8"]
[Round "-"]
[White "joseluisgrilo"]
[Black "PeterLiberty"]
[Result "1-0"]
[WhiteElo "1812"]
[BlackElo "1690"]

1. e4 c5 2. Nf3 d6 3. Bb5+ Bd7 4. Bxd7+ Nxd7 5. Nc3 Ngf6 6. d3 g6 7. h3 Bg7 8.
O-O O-O 9. d4 cxd4 10. Nxd4 a6 11. Nd5 Nxe4 12. Nc3 Nxc3 13. bxc3 Rc8 14. Bb2
Nb6 15. Qf3 Nc4 16. Bc1 Ne5 17. Qxb7 Ra8 18. Bf4 Nc4 19. Qf3 Be5 20. Nc6 Qc7 21.
Nxe5 dxe5 22. Bc1 f5 23. Qe2 Rfd8 24. Bg5 Rd7 25. a4 e6 26. Bf6 Kf7 27. Bg5 e4
28. a5 Ne5 29. Ra3 Nc4 30. Ra4 Ne5 31. c4 Rd4 32. Bf4 Kf6 33. Rd1 Rxc4 34. Bxe5+
Kxe5 35. Qxc4 Qb7 36. Qc5+ Kf6 37. Qd4+ Kf7 38. Qd7+ Qxd7 39. Rxd7+ Kg8 40. Rad4
Re8 41. Rd8 Rxd8 42. Rxd8+ Kg7 43. Ra8 1-0

[Event "AUTO-INT-1988"]
[Site "http://www.queenalice.com/game.php?id=948736"]
[Date "2011.6.11"]
[Round "2"]
[White "Flechaligeira"]
[Black "PeterLiberty"]
[Result "1-0"]
[WhiteElo "1963"]
[BlackElo "1679"]

1. d4 Nf6 2. c4 e6 3. Nf3 b6 4. g3 Ba6 5. Bg2 Bxc4 6. O-O Be7 7. Nc3 c6 8. Ne5
d5 9. b3 Ba6 10. Re1 O-O 11. e4 c5 12. exd5 exd5 13. Bg5 Bb7 14. Bxf6 Bxf6 15.
dxc5 Bxe5 16. Rxe5 Re8 17. Rxe8+ Qxe8 18. Nxd5 Na6 19. cxb6 axb6 20. Nf6+ gxf6
21. Bxb7 Ra7 22. Bxa6 Rxa6 23. Qd6 Kg7 24. Qd3 Ra8 25. h4 Rd8 26. Qc2 Rd6 27.
Rc1 Qd7 28. Qe4 Re6 29. Qg4+ Kh8 30. Qc4 Rd6 31. Qc2 Kg7 32. Qc7 Qxc7 33. Rxc7
h5 34. Kg2 f5 35. Ra7 Kg6 36. b4 b5 37. a4 bxa4 38. Rxa4 Rb6 39. Kf3 f6 40. Kf4
Rb5 41. Ke3 Re5+ 42. Kf3 Re4 43. Kg2 f4 44. Kf3 Rc4 45. gxf4 Kf5 46. Ra5+ Kg6
47. b5 Rc5 48. Ke4 f5+ 49. Kd4 Rc2 50. Ra6+ Kf7 51. b6 Rxf2 52. Ke5 Rg2 53. Kxf5
Rb2 54. Ra7+ Ke8 55. b7 Kd8 56. Ra8+ Kc7 57. b8=Q+ Rxb8 58. Rxb8 Kxb8 59. Ke6
1-0

[Event "AUTO-INT-1988"]
[Site "http://www.queenalice.com/game.php?id=948738"]
[Date "2011.6.11"]
[Round "2"]
[White "makibaque"]
[Black "PeterLiberty"]
[Result "1-0"]
[WhiteElo "2074"]
[BlackElo "1704"]

1. d4 Nf6 2. c4 e6 3. Nf3 b6 4. Nc3 Bb7 5. a3 d5 6. cxd5 exd5 7. g3 Be7 8. Bg2
O-O 9. O-O c5 10. Bf4 Na6 11. Qc2 Nc7 12. Rad1 Ne6 13. dxc5 bxc5 14. Be5 Rc8 15.
Nh4 Ng4 16. Bxd5 Bxd5 17. Rxd5 Qe8 18. Nf3 Qc6 19. Rfd1 Rcd8 20. Qf5 Nxe5 21.
Nxe5 Qb7 22. Rxd8 Nxd8 23. Rd7 Qc8 24. Nd5 Re8 25. Nxe7+ 1-0

[Event "AUTO-INT-1988"]
[Site "http://www.queenalice.com/game.php?id=948739"]
[Date "2011.6.11"]
[Round "2"]
[White "PeterLiberty"]
[Black "makibaque"]
[Result "0-1"]
[WhiteElo "1702"]
[BlackElo "2103"]

1. e4 c5 2. Nf3 d6 3. d4 cxd4 4. Nxd4 Nf6 5. Nc3 a6 6. Be3 e5 7. Nb3 Be6 8. f3
Nbd7 9. Qd2 Be7 10. g4 O-O 11. O-O-O Rc8 12. Kb1 Qc7 13. h4 b5 14. h5 h6 15. Rg1
Nh7 16. Nd5 Bxd5 17. exd5 Bg5 18. Bxg5 Nxg5 19. Bg2 Nf6 20. Na5 e4 21. Nc6 exf3
22. Bh1 Rfe8 23. Rgf1 Nxg4 24. Bxf3 Ne3 25. Bg4 Nxg4 26. Nd4 Ne3 27. Rfe1 Nxd1
28. Rxe8+ Rxe8 29. Qxd1 Qc4 30. b3 Qc3 0-1

[Event "AUTO-INT-1964"]
[Site "http://www.queenalice.com/game.php?id=974414"]
[Date "2011.8.19"]
[Round "2"]
[White "GoBois"]
[Black "PeterLiberty"]
[Result "1-0"]
[WhiteElo "1782"]
[BlackElo "1704"]

1. d4 Nf6 2. f3 d5 3. e4 dxe4 4. Nc3 exf3 5. Qxf3 c6 6. Be3 Bg4 7. Qf2 e6 8. Bd3
Bb4 9. h3 Bxc3+ 10. bxc3 Bh5 11. Nf3 O-O 12. O-O Nbd7 13. Nh4 Qe7 14. g4 Bg6 15.
Nxg6 fxg6 16. Qh4 e5 17. Bg5 exd4 18. Rae1 Qf7 19. cxd4 Rae8 20. c4 Rxe1 21.
Qxe1 Re8 22. Qb4 b6 23. c5 Rb8 24. Bc4 Nd5 25. Rxf7 Nxb4 26. Rxd7+ Kh8 27. Rxa7
bxc5 28. dxc5 Nc2 29. a4 Nd4 30. Bf4 Rb1+ 31. Kf2 Rb8 32. Bxb8 h6 33. Be5 1-0

[Event "AUTO-INT-1964"]
[Site "http://www.queenalice.com/game.php?id=974415"]
[Date "2011.8.19"]
[Round "2"]
[White "PeterLiberty"]
[Black "GoBois"]
[Result "0-1"]
[WhiteElo "1691"]
[BlackElo "1795"]

1. e4 Nc6 2. Nf3 Nf6 3. e5 Ng4 4. d4 d6 5. h3 Nh6 6. Bb5 a6 7. Bxc6+ bxc6 8. O-O
e6 9. Bxh6 gxh6 10. c4 Bg7 11. Re1 Rb8 12. Nc3 Rxb2 13. Na4 Rb4 14. Qc2 Bd7 15.
a3 Rb8 16. c5 d5 17. Rab1 O-O 18. Rxb8 Qxb8 19. Rb1 Qd8 20. Qb3 f5 21. Qb7 Qc8
22. Qxc8 Bxc8 23. Rb8 h5 24. Nh4 Bh6 25. Nc3 Bd2 26. Ne2 Kf7 27. Nf3 Bh6 28. h4
Ke7 29. Ng3 Bc1 30. Nxh5 Bxa3 31. Ng5 h6 32. Nh7 Rh8 33. N5f6 a5 34. Rb3 Bb4 35.
Rg3 Rxh7 36. Nxh7 Ba6 37. Rf3 a4 38. Kh2 a3 39. Rb3 a2 40. Rxb4 a1=Q 41. Rb8
Qxd4 0-1